header

Zambian crisis behaviour (Record no. 83653)

MARC details
000 -LEADER
fixed length control field 01381nam a2200325Ia 4500
100 1# - MAIN ENTRY--AUTHOR NAME
Personal name Anglin, Douglas George.
245 10 - TITLE STATEMENT
Title Zambian crisis behaviour
260 ## - PUBLICATION, DISTRIBUTION, ETC. (IMPRINT)
Place of publication Montreal :
Name of publisher McGill-Queen's University Press,
Year of publication c1994.
300 ## - PHYSICAL DESCRIPTION
Number of Pages xvi, 389 p. :
Other physical details ill., map.
650 #0 - SUBJECT ADDED ENTRY--TOPICAL TERM
Topical Term Crisis management in government
856 40 - ELECTRONIC LOCATION AND ACCESS
Uniform Resource Identifier http://site.ebrary.com/lib/rucke/Doc?id=10141461

No items available.

© 2026 Rongo University
Contact us: librarian | system librarian | Rongo university